Methods of modern mathematical physics. Vol.1 Functional analysis
Salvato in:
| Autore principale: | |
|---|---|
| Natura: | Libro |
| Lingua: | Undetermined |
| Pubblicazione: |
San Diego, California
Academic Press
1972
|
| Soggetti: | |
| Tags: |
Aggiungi Tag
Nessun Tag, puoi essere il primo ad aggiungerne! !
|
| Thư viện lưu trữ: | Trung tâm Học liệu Trường Đại học Cần Thơ |
|---|
| LEADER | 00578nam a2200205Ia 4500 | ||
|---|---|---|---|
| 001 | CTU_22647 | ||
| 008 | 210402s9999 xx 000 0 und d | ||
| 020 | |b 195 | ||
| 082 | |a 530.15 | ||
| 082 | |b R325/Vol.1 | ||
| 100 | |a Barry Simon | ||
| 245 | 0 | |a Methods of modern mathematical physics. Vol.1 | |
| 245 | 0 | |b Functional analysis | |
| 245 | 0 | |c Barry Simon, Michael Reed | |
| 260 | |a San Diego, California | ||
| 260 | |b Academic Press | ||
| 260 | |c 1972 | ||
| 650 | |a mathematical physics | ||
| 904 | |i Minh, 980525 | ||
| 980 | |a Trung tâm Học liệu Trường Đại học Cần Thơ | ||